| 000 | 00508nam a2200145 a 4500 | ||
|---|---|---|---|
| 008 | 120416s0000 ||||||||||||||||| || u | ||
| 020 | _a0240514491 | ||
| 050 | _aTH 7703 Fit | ||
| 100 | _aFitt, Brian | ||
| 245 | 1 | 0 | _aLighting technology |
| 246 | _aa guide for the entertainment industry | ||
| 260 |
_aOxford _bFocal Press _c1997 |
||
| 350 | _a0.00 | ||
| 995 |
_D0.00 _FCBU-MAIN LIBRARY (Kitwe) _H1 _I38.00 _M1 _UAVAILABLE _ZMain Library Open Access Collection |
||
| 999 |
_c49282 _d49282 |
||